Statistics for U.S. States With One Area Code

Click here to take the quiz!

General Stats

  • This quiz has been taken 814 times
  • The average score is 11 of 12

Answer Stats

Area CodeState% Correct
401Rhode Island
94%
307Wyoming
94%
907Alaska
93%
808Hawaii
93%
207Maine
93%
406Montana
93%
603New Hampshire
92%
802Vermont
92%
208Idaho
91%
701North Dakota
91%
605South Dakota
91%
302Delaware
90%

Score Distribution

Percentile by Number Answered

Percent of People with Each Score

Your Score History

You have not taken this quiz